2022 FIFA World Cup Imaginary Basque Country (Euskadi) squad - Statistics

General Stats
  • This quiz has been taken 61 times
  • The average score is 19 of 35
Answer Stats
Position Name Rating Club Country % Correct
GK Kepa Arrizabalaga 81 Chelsea ESP
93%
FW Iñaki Williams 81 Athletic Club GHA
88%
FW Nico Williams 78 Athletic Club ESP
86%
FW Mikel Oyarzabal 83 Real Sociedad ESP
81%
DF César Azpilicueta 80 Chelsea ESP
79%
GK Unai Simón 83 Athletic Club ESP
79%
GK Álex Remiro 83 Real Sociedad ESP
77%
MF Mikel Merino 83 Real Sociedad ESP
68%
FW Iker Muniain 84 Athletic Club ESP
65%
DF Iñigo Martínez 82 Athletic Club ESP
65%
DF David García 81 CA Osasuna ESP
58%
MF Martín Zubimendi 79 Real Sociedad ESP
58%
DF Yuri Berchiche 81 Athletic Club ESP
58%
DF Álvaro Odriozola 77 Real Madrid ESP
56%
DF Daniel Vivian 78 Athletic Club ESP
56%
MF Oihan Sancet 79 Athletic Club ESP
56%
DF Óscar de Marcos 79 Athletic Club ESP
56%
FW Raúl García 79 Athletic Club ESP
56%
MF Daní Garcia 76 Athletic Club ESP
54%
DF Yeray Álvarez 81 Athletic Club ESP
53%
GK Aitor Fernández 77 CA Osasuna ESP
51%
DF Unai Núñez 79 Celta de Vigo ESP
51%
MF Igor Zubeldia 79 Real Sociedad ESP
49%
MF Ander Herrera 79 Athletic Club ESP
47%
FW Gorka Guruzeta 76 Athletic Club ESP
47%
FW Álex Berenguer 80 Athletic Club ESP
46%
DF Aritz Elustondo 81 Real Sociedad ESP
46%
MF Mikel Vesga 77 Athletic Club ESP
44%
MF Jon Moncayola 77 CA Osasuna ESP
42%
DF Iñigo Lekue 76 Athletic Club ESP
40%
DF Andoni Gorosabel 77 Real Sociedad ESP
39%
MF Asier Illarramendi 77 Real Sociedad ESP
30%
MF Ander Guevara 76 Real Sociedad ESP
23%
DF Kévin Rodrigues 75 Adana Demirspor POR
9%
MF Kike Barja 75 CA Osasuna ESP
7%
No matching quizzes found
Score Distribution
Percent of People with Each Score
Percentile by Number Answered
Your Score History
You have not taken this quiz